000 00979njm a22002777a 4500
005 20100903114655.0
007 sd ammalaaahaa
008 100830t xxu||||| |||| 00| 0 hin d
028 _aHL-A. 8487
_bLondon American Recordigs
028 _aMSK. 1961
_bLondon American Recordigs
028 _aMSK. 1962
_bLondon American Recordigs
035 _aGR-491
040 _aSED/VEN
100 _917458
_aWilliams, Andy
245 _aLips of wine part 1 :
_cby Andy Williams
_h[Sound recording] :
_bsoloway wolfe /
246 _a
260 _aDum Dum, India
_bLondon American Recordigs
300 _a1 Sound disc [Gramophone Record] :
_banlog, 33 1/3 rpm
_c10 in (LP)
_fGramophone Records
500 _aBrief record
505 _aStraight from my heart (thompson)
650 _aOrchestra
_91186
_zIndia
_xExcerpts
700 _917459
700 _917960
942 _2ddc
_cGR
999 _c43516
_d43516